000 00799nam a2200205 i 4500
001 141281
003 ES-MaACL
005 20250823063109.0
007 t|
008 070920s1942 sp ||||1| spa d
100 1 _aVives, Juan Luis,
_d1492-1540
_9115574
245 1 0 _aTratado del socorro de los pobres /
_cJuan Luis Vives ; [traducción revisada por Amigos de Luis Vives].
260 _aValencia :
_bUniversidad, Facultad de Filosofía y Letras, Cátedra de Luis Vives,
_c1942.
300 _aLVIII, 205 p. :
_b1 retr. autor ;
_c28 cm.
650 4 _aBeneficencia-
_vObras anteriores a 1800.
_9158700
710 2 _aUniversidad de Valencia.
_bCátedra de Luis Vives.
_97316
710 2 _aAmigos de Luis Vives.
_91385
852 _aES-MaACL
_jC-12863
_bR.22332
999 _c141281
_d141281